Ekonomické aspekty implementácie a využívania podnikových informačných systémov diplomová práca

Saved in:
Bibliographic Details
Main Author: Petriľák, Michal
Corporate Author: Podnikovohospodárska fakulta EU so sídlom v Košiciach. Katedra informačnej a jazykovej komunikácie
Other Authors: Tarča, Alexander
Format: Book
Language:Slovak
Published: Košice 2017
Tags: Add Tag
No Tags, Be the first to tag this record!

MARC

LEADER 00000nbm a2200000 4500
001 0231531
005 20171121124840.0
041 0 |a slo 
044 |a SK 
245 1 0 |a Ekonomické aspekty implementácie a využívania podnikových informačných systémov  |b diplomová práca  |c Michal Petriľák ; školiteľ: Alexander Tarča 
264 1 |a Košice  |c 2017 
300 |a 82 s. 
100 1 |a Petriľák, Michal 
700 1 |a Tarča, Alexander 
710 2 |a Podnikovohospodárska fakulta EU so sídlom v Košiciach. Katedra informačnej a jazykovej komunikácie